00691naa a2200229 a 450000100080000000500110000800800410001910000190006024501240007926000090020365300190021265300180023165300190024965300130026865300100028170000170029170000190030870000190032770000250034670000190037177300710039010710342010-07-16 2010 bl uuuu u00u1 u #d1 aOLIVEIRA, L.N. aEfic??cia de res??duos da banana sobre a inibi????o do desenvolvimento larval em Haemonchus spp. proveniente de ovinos. c2010 aCaprinicultura aFitoter??pico aHaemonchus spp aMusa spp aOvino1 aDUARTE, E.R.1 aNOGUEIRA, F.A.1 aSILVA, R.B. da1 aFARIA FILHO, D.E. de1 aGERASEEV, L.C. tCi??ncia Rural Santa Maria, RSgv. 40, n. 2, p. 488-490, fev. 2010